Warrior Cats Ultimate Fan Test - Statistics

General Stats
  • This quiz has been taken 164 times
  • The average score is 12 of 15
Answer Stats
Hint Answer % Correct
Greatest villain of all time that terrorises every kit's dreams with a spooky forest that is mostly made out of moss and slime. Tigerstar.
96%
BFF of that odd ginger tom that randomly decides to join a bunch of lunatic cats that live in bushes. Greystripe.
93%
He died of diabetes on a farm he was imprisoned at until his mentor stopped hunting him down (which he never did) with a farm cat by his side. Ravenpaw.
93%
The cat that yeeted the warrior code out the window and mated with a cat from another clan and then yeeted the kits onto her sis until she was discovered and was never fully forgiven. Leafpool.
91%
Temporary apprentice of above's BFF that dumbly got her hind leg crippled by a speeding multi-coloured monster thing. Cinderpelt.
90%
One of three 'special' cats who thinks it's normal to hear stuff literally miles away and gets real disappointed that she can't help with ABSOLUTLY EVERYTHING and is some times a real pain in the tail! Dovewing.
87%
Another sad cat who also ran away from her fam and faked her death to live with a dead spirit cat in some dingy tunnels. Hollyleaf.
84%
Died yeeting herself off a cliff. Enough said. Bluestar.
82%
Supposedly pretty, kind and loyal spotted she-cat that is actually vicious as the dark forest cause she goes and leads the entire frickin' Starclan into battle with their evil neighbours and dies for her forbidden love bein' all soppy like 'I love you <>. You were the only one I ever loved'. Ugh! (Jk she's actually a real nice cat). Spottedleaf.
81%
Kit of above who became Riverclan's leader as a lonely cat who's fam had all died off long ago. Mistystar.
76%
The third medicine cat that was added to the bunch of Thunderclan's medicine peeps in series 6. Alderheart.
71%
First Thunderclan leader ever that ran away from his father to start a new life away from his fam. Thunder.
64%
The dude that looks like the top of a candle that got bonked on the head by a tree. Firestar.
51%
Cat who stole the position of above cat and was like I'm 'soooooooooooooooooooo' amateur at this! (Yeah right! Lets think about who his father was!) Bramblestar.
50%
The guy who ignored his supposed-to-be mate and his kit (who, lets be honest ain't a very nice guy at all) and dreams about his past TWO mates and is still like, 'dang, I probably should try harder to hang onto my crushes cause they just aren't stickin' around long enough for me to make a good impression!). Crowfeather.
50%
No matching quizzes found
Score Distribution
Percent of People with Each Score
Percentile by Number Answered
Your Score History
You have not taken this quiz